Most goals in a calendar year - Statistics

General Stats
  • This quiz has been taken 65 times
  • The average score is 5 of 10
Answer Stats
Player: % Correct
Cristiano Ronaldo
98%
Lionel Messi
98%
Pelé
92%
Gerd Müller
90%
Romário
64%
Zico
30%
Just Fontaine
28%
Ferenc Deák
8%
Fernando Peyroteo
6%
György Sárosi
6%
No matching quizzes found
Score Distribution
Percent of People with Each Score
Percentile by Number Answered
Your Score History
You have not taken this quiz